[Event "V4Liptov2018"]
[Site "?"]
[Date "2018.06.25"]
[Round "6.19"]
[White "Zahorcek, Jakub"]
[Black "Paprocki, Antoni"]
[Result "1/2-1/2"]
[BlackElo "1804"]
[WhiteElo "1579"]
[LiveChessVersion "1.4.8"]

1. e4 {[%clk 1:00:26]} c5 {[%clk 1:00:58]} 2. Nf3 {[%clk 1:00:42]} d6
{[%clk 1:01:20]} 3. d4 {[%clk 1:01:01]} cxd4 {[%clk 1:01:45]} 4. Qxd4
{[%clk 1:01:24]} a6 {[%clk 1:01:29]} 5. c4 {[%clk 1:00:40]} Nc6 {[%clk 1:01:54]}
6. Qd3 {[%clk 1:00:20]} g6 {[%clk 1:02:04]} 7. Nc3 {[%clk 0:59:52]} Bg7
{[%clk 1:02:26]} 8. b3 {[%clk 0:58:57]} Nf6 {[%clk 1:02:33]} 9. Bb2
{[%clk 0:59:04]} O-O {[%clk 1:02:44]} 10. Be2 {[%clk 0:57:20]} Bg4
{[%clk 1:01:42]} 11. O-O {[%clk 0:57:11]} Bxf3 {[%clk 1:02:02]} 12. Bxf3
{[%clk 0:54:55]} Nd7 {[%clk 1:00:55]} 13. Rac1 {[%clk 0:52:12]} Nc5
{[%clk 0:59:24]} 14. Qe3 {[%clk 0:49:00]} a5 {[%clk 0:55:46]} 15. a4
{[%clk 0:48:48]} Nxb3 {[%clk 0:55:43]} 16. Rb1 {[%clk 0:47:19]} Nc5
{[%clk 0:55:23]} 17. Rfd1 {[%clk 0:46:58]} Ne5 {[%clk 0:53:41]} 18. Be2
{[%clk 0:46:06]} Rc8 {[%clk 0:48:40]} 19. Ba3 {[%clk 0:44:54]} Ne6
{[%clk 0:47:02]} 20. Rxb7 {[%clk 0:42:08]} Nxc4 {[%clk 0:47:22]} 21. Bxc4
{[%clk 0:41:50]} Rxc4 {[%clk 0:47:44]} 22. Nd5 {[%clk 0:39:34]} Nc7
{[%clk 0:46:36]} 23. Qb3 {[%clk 0:32:21]} Rc6 {[%clk 0:44:59]} 24. Rc1
{[%clk 0:23:08]} Rxc1+ {[%clk 0:45:02]} 25. Bxc1 {[%clk 0:23:28]} Nxd5
{[%clk 0:44:55]} 26. Qxd5 {[%clk 0:23:18]} Qc8 {[%clk 0:45:06]} 27. Be3
{[%clk 0:23:15]} Qc3 {[%clk 0:41:35]} 28. g3 {[%clk 0:22:36]} e6 {[%clk 0:34:41]}
29. Qxd6 {[%clk 0:20:34]} Qa1+ {[%clk 0:35:04]} 30. Kg2 {[%clk 0:20:55]} Qxa4
{[%clk 0:35:24]} 31. Qf4 {[%clk 0:17:27]} Qc6 {[%clk 0:32:00]} 32. Rc7
{[%clk 0:17:04]} Qb5 {[%clk 0:31:25]} 33. Bc5 {[%clk 0:16:21]} e5
{[%clk 0:26:09]} 34. Qd2 {[%clk 0:11:41]} Qc4 {[%clk 0:18:00]} 35. Qd7
{[%clk 0:09:45]} Qxe4+ {[%clk 0:16:41]} 36. Kg1 {[%clk 0:09:53]} Qe1+
{[%clk 0:15:41]} 37. Kg2 {[%clk 0:10:06]} Qe4+ {[%clk 0:15:26]} 1/2-1/2

[Event "V4Liptov2018"]
[Site "?"]
[Date "2018.06.25"]
[Round "6.20"]
[White "Pudelko, Magdalena"]
[Black "Kostelansky, Karol"]
[Result "1-0"]
[BlackElo "1607"]
[WhiteElo "1251"]
[LiveChessVersion "1.4.8"]

1. e4 {[%clk 1:00:58]} c6 {[%clk 1:00:51]} 2. d4 {[%clk 1:01:23]} d5
{[%clk 1:01:18]} 3. Nd2 {[%clk 1:01:47]} dxe4 {[%clk 1:01:38]} 4. Nxe4
{[%clk 1:02:05]} Bf5 {[%clk 1:02:05]} 5. Ng3 {[%clk 1:02:24]} Bg6
{[%clk 1:02:28]} 6. h4 {[%clk 1:02:48]} h6 {[%clk 1:02:30]} 7. h5
{[%clk 1:03:12]} Bh7 {[%clk 1:02:56]} 8. Nf3 {[%clk 1:03:32]} e6 {[%clk 1:02:20]}
9. Bd3 {[%clk 1:03:58]} Bxd3 {[%clk 1:02:10]} 10. Qxd3 {[%clk 1:04:23]} Nf6
{[%clk 1:01:29]} 11. O-O {[%clk 1:00:29]} Bd6 {[%clk 1:01:06]} 12. Ne5
{[%clk 1:00:05]} Nbd7 {[%clk 0:59:50]} 13. Bf4 {[%clk 0:59:01]} Nd5
{[%clk 0:58:32]} 14. Nxf7 {[%clk 0:57:24]} Nxf4 {[%clk 0:45:13]} 15. Nxd6+
{[%clk 0:57:41]} Kf8 {[%clk 0:45:24]} 16. Qf3 {[%clk 0:56:35]} Qg5
{[%clk 0:41:39]} 17. Nge4 {[%clk 0:55:46]} Qxg2+ {[%clk 0:42:02]} 18. Qxg2
{[%clk 0:55:56]} Nxg2 {[%clk 0:42:31]} 19. Kxg2 {[%clk 0:56:04]} b6
{[%clk 0:41:41]} 20. f4 {[%clk 0:55:00]} Ke7 {[%clk 0:40:13]} 21. Kf3
{[%clk 0:53:38]} Raf8 {[%clk 0:37:53]} 22. Ke3 {[%clk 0:52:57]} b5
{[%clk 0:37:55]} 23. a4 {[%clk 0:52:53]} b4 {[%clk 0:37:12]} 24. Nc4
{[%clk 0:52:43]} Rf5 {[%clk 0:36:20]} 25. Ng3 {[%clk 0:52:32]} Rf7
{[%clk 0:36:20]} 26. Ne5 {[%clk 0:52:46]} Rf6 {[%clk 0:30:20]} 27. Ng6+
{[%clk 0:53:02]} 1-0

[Event "V4Liptov2018"]
[Site "?"]
[Date "2018.06.25"]
[Round "6.21"]
[White "Pogadl, Jakub"]
[Black "Chwistek, Karel"]
[Result "1/2-1/2"]
[BlackElo "2045"]
[WhiteElo "1647"]
[LiveChessVersion "1.4.8"]

1. c4 e5 {[%clk 0:57:22]} 2. g3 {[%clk 1:01:12]} Nc6 {[%clk 0:57:45]} 3. Bg2
{[%clk 1:01:33]} f5 {[%clk 0:58:05]} 4. Nc3 {[%clk 1:01:49]} Nf6 {[%clk 0:58:30]}
5. e3 {[%clk 1:01:51]} d5 {[%clk 0:57:08]} 6. cxd5 {[%clk 1:01:51]} Nb4
{[%clk 0:57:14]} 7. d3 {[%clk 1:01:32]} Nfxd5 {[%clk 0:54:48]} 8. Nxd5
{[%clk 0:58:52]} Nxd5 {[%clk 0:55:15]} 9. Nf3 {[%clk 0:57:26]} Bd6
{[%clk 0:51:35]} 10. e4 {[%clk 0:55:23]} Nf6 {[%clk 0:50:16]} 11. O-O
{[%clk 0:53:04]} O-O {[%clk 0:50:12]} 12. Qb3+ {[%clk 0:48:21]} Kh8
{[%clk 0:50:34]} 13. Ng5 {[%clk 0:41:37]} Qe7 {[%clk 0:50:51]} 14. exf5
{[%clk 0:37:32]} Bxf5 {[%clk 0:47:37]} 15. Qxb7 {[%clk 0:33:21]} Bxd3
{[%clk 0:45:21]} 16. Re1 {[%clk 0:28:50]} Rab8 {[%clk 0:44:44]} 17. Qf3
{[%clk 0:27:57]} Ba6 {[%clk 0:44:05]} 18. Ne4 {[%clk 0:22:17]} Nxe4
{[%clk 0:42:25]} 19. Qxe4 {[%clk 0:22:36]} Bb7 {[%clk 0:42:11]} 20. Qe2
{[%clk 0:21:54]} Bxg2 {[%clk 0:41:22]} 21. Kxg2 {[%clk 0:22:10]} Bc5
{[%clk 0:39:24]} 22. Rf1 {[%clk 0:17:43]} Bd4 {[%clk 0:38:41]} 23. Rb1
{[%clk 0:17:12]} c5 {[%clk 0:35:21]} 24. Be3 {[%clk 0:16:41]} Qd6
{[%clk 0:33:58]} 25. Rfd1 {[%clk 0:13:15]} Qd5+ {[%clk 0:31:54]} 26. Kg1
{[%clk 0:12:54]} Qxa2 {[%clk 0:31:57]} 27. Bxd4 {[%clk 0:09:53]} exd4
{[%clk 0:32:24]} 28. Qc2 {[%clk 0:09:42]} Qd5 {[%clk 0:32:10]} 29. Ra1
{[%clk 0:09:48]} Rf7 {[%clk 0:30:04]} 30. Ra5 {[%clk 0:09:49]} Rc7
{[%clk 0:23:56]} 31. Qa4 {[%clk 0:06:02]} Qb3 {[%clk 0:15:59]} 32. Rd2
{[%clk 0:01:58]} Qxa4 {[%clk 0:16:06]} 33. Rxa4 {[%clk 0:02:22]} Kg8
{[%clk 0:16:23]} 34. Kf1 {[%clk 0:02:06]} Kf7 {[%clk 0:16:37]} 35. Rc2
{[%clk 0:02:07]} Rbc8 {[%clk 0:16:44]} 36. Ke2 {[%clk 0:02:20]} Ke6
{[%clk 0:17:01]} 37. Kd3 {[%clk 0:02:19]} Kd5 {[%clk 0:17:11]} 38. Rcc4
{[%clk 0:02:23]} Rb8 {[%clk 0:16:53]} 39. b4 {[%clk 0:02:14]} Rf8
{[%clk 0:15:03]} 40. Rxc5+ {[%clk 0:01:48]} Rxc5 {[%clk 0:15:17]} 41. bxc5
{[%clk 0:02:06]} Rxf2 {[%clk 0:14:39]} 42. Rxa7 {[%clk 0:02:01]} Kxc5
{[%clk 0:13:09]} 1/2-1/2

[Event "V4Liptov2018"]
[Site "?"]
[Date "2018.06.25"]
[Round "6.22"]
[White "Havel, Kristian"]
[Black "Taragel, Marian"]
[Result "0-1"]
[BlackElo "1609"]
[WhiteElo "1522"]
[LiveChessVersion "1.4.8"]

1. f4 {[%clk 1:00:57]} d5 {[%clk 0:58:39]} 2. Nf3 {[%clk 1:01:22]} Nc6
{[%clk 0:58:11]} 3. e3 {[%clk 1:01:38]} Nf6 {[%clk 0:56:26]} 4. c3
{[%clk 1:01:48]} Bf5 {[%clk 0:54:53]} 5. d4 {[%clk 1:01:41]} e6 {[%clk 0:52:43]}
6. Bd3 {[%clk 1:01:36]} Bxd3 {[%clk 0:50:19]} 7. Qxd3 {[%clk 1:01:50]} Bd6
{[%clk 0:49:55]} 8. O-O {[%clk 1:01:52]} O-O {[%clk 0:49:20]} 9. Nbd2
{[%clk 1:01:57]} Ne7 {[%clk 0:46:53]} 10. Ne5 {[%clk 1:02:00]} c5
{[%clk 0:44:35]} 11. b3 {[%clk 0:57:06]} cxd4 {[%clk 0:42:00]} 12. cxd4
{[%clk 0:57:15]} Qb6 {[%clk 0:41:11]} 13. Bb2 {[%clk 0:55:01]} Rfc8
{[%clk 0:39:04]} 14. Rfc1 {[%clk 0:44:40]} Bb4 {[%clk 0:34:03]} 15. Rxc8+
{[%clk 0:38:49]} Rxc8 {[%clk 0:34:09]} 16. Rc1 {[%clk 0:37:48]} Qa5
{[%clk 0:32:19]} 17. Rxc8+ {[%clk 0:37:05]} Nxc8 {[%clk 0:32:39]} 18. Qc2
{[%clk 0:37:14]} Nd6 {[%clk 0:32:31]} 19. Nef3 {[%clk 0:36:28]} Qxa2
{[%clk 0:29:58]} 20. Nb1 {[%clk 0:33:24]} Nfe4 {[%clk 0:24:33]} 21. g4
{[%clk 0:29:50]} Qa6 {[%clk 0:22:03]} 22. Ng5 {[%clk 0:25:59]} Nxg5
{[%clk 0:20:53]} 23. fxg5 {[%clk 0:26:18]} Qc6 {[%clk 0:20:58]} 24. Qxc6
{[%clk 0:24:43]} bxc6 {[%clk 0:21:19]} 25. Na3 {[%clk 0:22:45]} Ne4
{[%clk 0:19:32]} 26. Nc2 {[%clk 0:21:50]} Ba5 {[%clk 0:18:16]} 27. h4
{[%clk 0:21:21]} Kf8 {[%clk 0:17:30]} 28. Kf1 {[%clk 0:18:22]} Nd2+
{[%clk 0:17:29]} 29. Ke2 {[%clk 0:18:43]} Nxb3 {[%clk 0:17:28]} 30. Ba3+
{[%clk 0:18:38]} Ke8 {[%clk 0:17:30]} 31. Kd3 {[%clk 0:18:52]} Kd7
{[%clk 0:16:29]} 32. Nb4 {[%clk 0:17:34]} Bc7 {[%clk 0:13:37]} 33. Na6
{[%clk 0:14:36]} Kc8 {[%clk 0:12:09]} 34. Bb4 {[%clk 0:13:34]} Kb7 35. Nxc7
{[%clk 0:13:53]} Kxc7 {[%clk 0:10:05]} 36. Kc2 {[%clk 0:13:47]} a5
{[%clk 0:09:59]} 37. Bf8 {[%clk 0:13:49]} a4 {[%clk 0:09:26]} 38. Bxg7
{[%clk 0:14:11]} c5 {[%clk 0:09:22]} 39. dxc5 {[%clk 0:12:54]} Nxc5
{[%clk 0:09:40]} 40. Kc3 {[%clk 0:11:40]} Kd6 {[%clk 0:09:13]} 41. Kb4
{[%clk 0:11:44]} Ne4 {[%clk 0:08:17]} 42. Kxa4 {[%clk 0:11:45]} Nf2
{[%clk 0:08:28]} 43. Kb4 {[%clk 0:11:02]} Nxg4 {[%clk 0:07:56]} 44. Bd4
{[%clk 0:11:04]} e5 {[%clk 0:07:51]} 45. Ba7 {[%clk 0:11:08]} Nh2
{[%clk 0:06:53]} 46. Bc5+ {[%clk 0:09:35]} Ke6 {[%clk 0:06:06]} 47. Kc3
{[%clk 0:08:50]} Nf3 {[%clk 0:06:16]} 48. Kd3 {[%clk 0:07:54]} Nxh4
{[%clk 0:06:09]} 49. Bf8 {[%clk 0:07:57]} Nf3 {[%clk 0:05:42]} 50. Bh6
{[%clk 0:08:17]} Kf5 {[%clk 0:05:46]} 51. Ke2 {[%clk 0:08:33]} Nxg5
{[%clk 0:06:03]} 0-1

[Event "V4Liptov2018"]
[Site "?"]
[Date "2018.06.25"]
[Round "6.23"]
[White "Ciglian, Michal"]
[Black "Gemsova, Tereza"]
[Result "1/2-1/2"]
[BlackElo "1578"]
[WhiteElo "1518"]
[LiveChessVersion "1.4.8"]

1. d4 {[%clk 1:00:53]} d5 {[%clk 1:00:16]} 2. c4 {[%clk 1:00:46]} e6
{[%clk 0:59:37]} 3. Nc3 {[%clk 1:01:03]} Nf6 {[%clk 0:59:05]} 4. Nf3
{[%clk 1:01:09]} b6 {[%clk 0:58:21]} 5. Bf4 {[%clk 1:00:48]} Bb7 {[%clk 0:55:48]}
6. e3 {[%clk 1:00:26]} Nbd7 {[%clk 0:55:26]} 7. cxd5 {[%clk 0:58:25]} Nxd5
{[%clk 0:55:29]} 8. Nxd5 {[%clk 0:58:22]} Bxd5 {[%clk 0:55:23]} 9. a3
{[%clk 0:58:02]} c5 {[%clk 0:48:13]} 10. Bb5 {[%clk 0:57:58]} a6 {[%clk 0:46:42]}
11. Bxd7+ {[%clk 0:57:52]} Qxd7 {[%clk 0:47:01]} 12. Ne5 {[%clk 0:58:14]} Qb7
{[%clk 0:45:43]} 13. f3 {[%clk 0:58:13]} f6 {[%clk 0:44:50]} 14. Ng4
{[%clk 0:57:39]} cxd4 {[%clk 0:44:32]} 15. Qxd4 {[%clk 0:56:44]} e5
{[%clk 0:42:15]} 16. Nxe5 {[%clk 0:57:07]} fxe5 {[%clk 0:42:29]} 17. Qxe5+
{[%clk 0:57:31]} Be7 {[%clk 0:42:37]} 18. Bg5 {[%clk 0:57:49]} Kf7
{[%clk 0:39:57]} 19. Bxe7 {[%clk 0:57:49]} Rhe8 {[%clk 0:39:45]} 20. Rd1
{[%clk 0:57:56]} Rxe7 {[%clk 0:35:43]} 21. Qxd5+ {[%clk 0:58:14]} Qxd5
{[%clk 0:35:36]} 22. Rxd5 {[%clk 0:58:40]} Rxe3+ {[%clk 0:35:49]} 23. Kf2
{[%clk 0:59:07]} Rae8 {[%clk 0:35:44]} 24. Rd7+ {[%clk 0:58:54]} 1/2-1/2

[Event "V4Liptov2018"]
[Site "?"]
[Date "2018.06.25"]
[Round "6.24"]
[White "Andel, Vit"]
[Black "Subjakova, Kristina"]
[Result "1/2-1/2"]
[BlackElo "1526"]
[WhiteElo "1520"]
[LiveChessVersion "1.4.8"]

1. e4 {[%clk 1:00:55]} e5 {[%clk 0:59:54]} 2. Nf3 {[%clk 1:01:18]} Nc6
{[%clk 1:00:18]} 3. Bb5 {[%clk 1:01:42]} a6 {[%clk 1:00:43]} 4. Ba4
{[%clk 1:02:03]} Nf6 {[%clk 1:01:04]} 5. O-O {[%clk 1:02:11]} b5 {[%clk 1:01:25]}
6. Bb3 {[%clk 1:02:29]} Be7 {[%clk 1:01:43]} 7. c3 {[%clk 1:02:51]} d6
{[%clk 1:02:03]} 8. Re1 {[%clk 1:03:15]} O-O {[%clk 1:02:27]} 9. h3
{[%clk 1:03:02]} Bb7 {[%clk 1:02:39]} 10. d4 {[%clk 1:02:28]} h6 {[%clk 1:02:39]}
11. Nbd2 {[%clk 1:01:10]} g6 12. Nf1 {[%clk 1:01:07]} Kh7 {[%clk 0:54:53]} 13.
Ng3 {[%clk 0:59:16]} Ng8 {[%clk 0:54:24]} 14. Bc2 {[%clk 0:59:25]} Bf6
{[%clk 0:54:13]} 15. Be3 {[%clk 0:54:38]} Bg7 {[%clk 0:53:21]} 16. Bd3
{[%clk 0:47:38]} exd4 {[%clk 0:50:11]} 17. cxd4 {[%clk 0:45:46]} Nb4
{[%clk 0:50:13]} 18. Bb1 {[%clk 0:43:39]} d5 {[%clk 0:49:02]} 19. a3
{[%clk 0:41:34]} dxe4 {[%clk 0:46:34]} 20. Nxe4 {[%clk 0:41:05]} Bxe4
{[%clk 0:46:27]} 21. Bxe4 {[%clk 0:39:02]} Nd5 {[%clk 0:46:53]} 22. Qb3
{[%clk 0:34:53]} Ngf6 {[%clk 0:44:53]} 23. Bxd5 {[%clk 0:31:53]} Qxd5
{[%clk 0:44:51]} 24. Qc2 {[%clk 0:31:55]} Rac8 {[%clk 0:44:00]} 25. Rac1
{[%clk 0:31:48]} Ne4 26. Qc6 {[%clk 0:31:05]} Qxc6 {[%clk 0:31:39]} 27. Rxc6
{[%clk 0:28:21]} a5 28. Rec1 {[%clk 0:28:08]} Nd6 {[%clk 0:30:50]} 29. Rxc7 Nc4
{[%clk 0:30:34]} 30. Rxc8 {[%clk 0:28:26]} Rxc8 {[%clk 0:30:57]} 31. b3
{[%clk 0:25:02]} Nd6 {[%clk 0:31:11]} 32. Rxc8 {[%clk 0:25:15]} Nxc8
{[%clk 0:31:35]} 33. a4 {[%clk 0:25:09]} bxa4 {[%clk 0:31:54]} 34. bxa4
{[%clk 0:25:29]} Nb6 {[%clk 0:32:09]} 35. Bd2 {[%clk 0:25:40]} Nxa4
{[%clk 0:32:22]} 36. Bxa5 {[%clk 0:26:00]} Kg8 {[%clk 0:32:12]} 37. Kf1
{[%clk 0:26:18]} Kf8 {[%clk 0:32:35]} 38. Ke2 {[%clk 0:26:28]} Ke7
{[%clk 0:32:57]} 39. Kd2 {[%clk 0:25:25]} Kd6 {[%clk 0:32:45]} 40. Kc2
{[%clk 0:25:02]} Kc6 {[%clk 0:32:49]} 41. Ne5+ {[%clk 0:24:23]} Bxe5
{[%clk 0:33:01]} 42. dxe5 {[%clk 0:24:46]} Kd5 {[%clk 0:33:26]} 43. Bc7
{[%clk 0:24:25]} Nc5 {[%clk 0:33:38]} 44. Kd2 {[%clk 0:21:46]} Ne6
{[%clk 0:33:47]} 45. Bb8 {[%clk 0:21:31]} Nf4 {[%clk 0:33:58]} 46. e6
{[%clk 0:19:22]} Nxe6 {[%clk 0:34:19]} 47. Ke3 {[%clk 0:19:17]} f5 48. g3 g5
{[%clk 0:31:19]} 49. f4 {[%clk 0:16:52]} 1/2-1/2

[Event "V4Liptov2018"]
[Site "?"]
[Date "2018.06.25"]
[Round "6.25"]
[White "Vancura, Jakub"]
[Black "Postanogov, Dmitrii"]
[Result "0-1"]
[BlackElo "1743"]
[WhiteElo "1737"]
[LiveChessVersion "1.4.8"]

1. d4 {[%clk 1:00:57]} d5 {[%clk 1:00:54]} 2. c4 {[%clk 1:01:24]} c6
{[%clk 1:01:19]} 3. Nc3 {[%clk 1:01:47]} Nf6 {[%clk 1:01:41]} 4. cxd5
{[%clk 1:01:44]} cxd5 {[%clk 1:02:05]} 5. Bf4 {[%clk 1:01:51]} Nc6
{[%clk 1:02:22]} 6. Nf3 {[%clk 1:02:00]} a6 {[%clk 1:02:07]} 7. e3
{[%clk 1:01:25]} e6 {[%clk 1:02:17]} 8. a3 {[%clk 1:00:50]} b5 {[%clk 1:02:12]}
9. Bd3 {[%clk 1:00:42]} Na5 {[%clk 0:59:49]} 10. O-O {[%clk 1:00:07]} Be7
{[%clk 0:59:10]} 11. Ne5 {[%clk 0:54:33]} Bb7 {[%clk 0:57:12]} 12. h3
{[%clk 0:45:32]} O-O {[%clk 0:55:51]} 13. Bh2 {[%clk 0:45:26]} Nc4
{[%clk 0:56:13]} 14. Qe2 {[%clk 0:44:11]} Rc8 {[%clk 0:53:17]} 15. Rfc1
{[%clk 0:43:37]} Qa5 {[%clk 0:43:38]} 16. a4 {[%clk 0:35:59]} b4 {[%clk 0:38:45]}
17. Nd1 {[%clk 0:35:43]} Nxe5 {[%clk 0:39:04]} 18. Rxc8 {[%clk 0:33:45]} Rxc8
{[%clk 0:39:28]} 19. Bxe5 {[%clk 0:33:56]} Nd7 {[%clk 0:34:11]} 20. Bh2
{[%clk 0:33:57]} b3 {[%clk 0:29:49]} 21. Nc3 {[%clk 0:32:07]} Bb4
{[%clk 0:30:06]} 22. Rc1 {[%clk 0:28:14]} Bxc3 {[%clk 0:29:55]} 23. bxc3
{[%clk 0:28:33]} Qxa4 {[%clk 0:23:31]} 24. Qb2 {[%clk 0:28:32]} Qa2
{[%clk 0:23:40]} 25. Qxa2 {[%clk 0:27:22]} bxa2 {[%clk 0:24:07]} 26. Bd6
{[%clk 0:26:57]} Rxc3 {[%clk 0:24:02]} 0-1

[Event "V4Liptov2018"]
[Site "?"]
[Date "2018.06.25"]
[Round "6.26"]
[White "Sorokin, Artem"]
[Black "Oplustil, Pavel"]
[Result "0-1"]
[BlackElo "1328"]
[WhiteElo "1592"]
[LiveChessVersion "1.4.8"]

1. e4 {[%clk 1:00:58]} d5 {[%clk 1:00:50]} 2. exd5 {[%clk 1:01:23]} Nf6
{[%clk 1:01:11]} 3. d4 {[%clk 1:01:48]} Nxd5 {[%clk 1:01:34]} 4. Nf3
{[%clk 1:02:09]} g6 {[%clk 1:01:14]} 5. c4 {[%clk 1:02:34]} Nb6 {[%clk 1:01:38]}
6. Nc3 {[%clk 1:02:48]} Bg7 {[%clk 1:01:36]} 7. c5 {[%clk 1:03:12]} Nd5
{[%clk 1:01:47]} 8. Bc4 {[%clk 1:03:37]} Nxc3 {[%clk 0:55:46]} 9. bxc3
{[%clk 1:04:01]} O-O {[%clk 0:55:34]} 10. O-O {[%clk 1:02:05]} Bg4
{[%clk 0:55:24]} 11. Re1 {[%clk 1:01:02]} Nc6 {[%clk 0:54:08]} 12. Bg5
{[%clk 0:56:44]} Qd7 {[%clk 0:48:45]} 13. h3 {[%clk 0:43:40]} Bxf3
{[%clk 0:46:59]} 14. Qxf3 {[%clk 0:44:04]} e6 {[%clk 0:47:12]} 15. a3
{[%clk 0:36:29]} Na5 {[%clk 0:41:06]} 16. Ba2 {[%clk 0:33:56]} b6
{[%clk 0:40:55]} 17. d5 {[%clk 0:26:07]} Rae8 {[%clk 0:39:14]} 18. cxb6
{[%clk 0:23:31]} cxb6 {[%clk 0:37:34]} 19. Rad1 {[%clk 0:22:55]} exd5
{[%clk 0:36:00]} 20. Rxe8 {[%clk 0:22:39]} Rxe8 {[%clk 0:35:37]} 21. Bxd5
{[%clk 0:22:06]} Qc7 {[%clk 0:35:04]} 22. g3 {[%clk 0:14:37]} Nc4
{[%clk 0:29:45]} 23. Bc6 {[%clk 0:13:48]} Ne5 {[%clk 0:28:42]} 0-1

[Event "V4Liptov2018"]
[Site "?"]
[Date "2018.06.25"]
[Round "6.29"]
[White "Ptacek, Jan"]
[Black "Lengyel, Andrea"]
[Result "0-1"]
[BlackElo "1938"]
[WhiteElo "1847"]
[LiveChessVersion "1.4.8"]

1. e4 {[%clk 1:00:57]} c5 {[%clk 1:00:54]} 2. Nf3 {[%clk 1:01:22]} Nc6
{[%clk 1:01:21]} 3. c4 {[%clk 1:01:47]} e5 {[%clk 1:01:47]} 4. Nc3
{[%clk 1:02:10]} d6 {[%clk 1:02:07]} 5. Be2 {[%clk 1:02:33]} g6 {[%clk 1:02:28]}
6. d3 {[%clk 1:02:57]} Bg7 {[%clk 1:02:54]} 7. Bg5 {[%clk 1:03:20]} f6
{[%clk 1:02:49]} 8. Bd2 {[%clk 1:03:45]} Nge7 {[%clk 1:03:13]} 9. O-O
{[%clk 1:04:06]} O-O {[%clk 1:03:33]} 10. a3 {[%clk 1:04:17]} f5 {[%clk 1:03:04]}
11. Rb1 {[%clk 1:04:21]} a5 {[%clk 1:02:26]} 12. Nb5 {[%clk 1:04:20]} f4
{[%clk 1:01:39]} 13. b4 {[%clk 1:02:08]} axb4 {[%clk 0:58:56]} 14. axb4
{[%clk 1:02:30]} b6 {[%clk 0:58:58]} 15. Ne1 {[%clk 0:57:50]} g5 {[%clk 0:51:50]}
16. Nc2 {[%clk 0:56:59]} Be6 {[%clk 0:49:18]} 17. Bg4 {[%clk 0:51:52]} Rf6
{[%clk 0:44:08]} 18. Bxe6+ {[%clk 0:48:11]} Rxe6 {[%clk 0:44:28]} 19. f3
{[%clk 0:48:33]} h5 {[%clk 0:43:14]} 20. Nc3 {[%clk 0:48:11]} Rg6
{[%clk 0:42:34]} 21. Nd5 {[%clk 0:44:40]} Nxd5 {[%clk 0:40:46]} 22. cxd5
{[%clk 0:44:58]} Nd4 {[%clk 0:40:12]} 23. Nxd4 {[%clk 0:43:30]} exd4
{[%clk 0:39:18]} 24. Qb3 {[%clk 0:39:56]} Be5 {[%clk 0:35:44]} 25. Ra1
{[%clk 0:36:57]} Rxa1 {[%clk 0:34:13]} 26. Rxa1 {[%clk 0:37:18]} g4
{[%clk 0:33:55]} 27. Qd1 {[%clk 0:36:18]} Qc8 {[%clk 0:29:17]} 28. Ra7
{[%clk 0:29:22]} Rg7 {[%clk 0:22:11]} 29. Rxg7+ {[%clk 0:25:26]} Kxg7
{[%clk 0:22:33]} 30. Qc1 {[%clk 0:23:45]} Qf8 {[%clk 0:20:27]} 31. bxc5
{[%clk 0:23:26]} dxc5 {[%clk 0:17:36]} 32. g3 {[%clk 0:23:36]} gxf3
{[%clk 0:14:55]} 33. gxf4 {[%clk 0:22:52]} Qc8 {[%clk 0:09:23]} 34. Kf2
{[%clk 0:20:50]} Qg4 {[%clk 0:07:18]} 35. Qg1 {[%clk 0:20:16]} Bf6
{[%clk 0:07:34]} 36. h3 {[%clk 0:08:32]} Bh4+ {[%clk 0:07:20]} 37. Kf1
{[%clk 0:08:54]} Qxg1+ {[%clk 0:07:33]} 38. Kxg1 {[%clk 0:09:23]} b5
{[%clk 0:05:57]} 39. Kf1 {[%clk 0:07:59]} c4 {[%clk 0:05:39]} 40. dxc4
{[%clk 0:07:19]} bxc4 {[%clk 0:06:02]} 41. Be1 {[%clk 0:07:45]} Bxe1
{[%clk 0:06:14]} 42. Kxe1 {[%clk 0:08:08]} c3 {[%clk 0:06:25]} 0-1

[Event "V4Liptov2018"]
[Site "?"]
[Date "2018.06.25"]
[Round "6.30"]
[White "Zlotov, Viktor"]
[Black "Volaninova, Sarka"]
[Result "0-1"]
[BlackElo "1680"]
[WhiteElo "1630"]
[LiveChessVersion "1.4.8"]

1. e4 {[%clk 1:00:57]} c6 {[%clk 1:00:52]} 2. d4 {[%clk 1:01:20]} d5
{[%clk 1:01:16]} 3. e5 {[%clk 1:01:44]} Bf5 {[%clk 1:01:40]} 4. Nf3
{[%clk 1:01:35]} e6 {[%clk 1:00:25]} 5. Bd3 {[%clk 1:00:54]} Bxd3
{[%clk 1:00:07]} 6. Qxd3 {[%clk 1:01:13]} Nd7 {[%clk 0:59:30]} 7. c3
{[%clk 0:59:52]} c5 {[%clk 0:58:12]} 8. O-O {[%clk 0:58:56]} Qb6 {[%clk 0:57:29]}
9. b3 {[%clk 0:56:45]} Ne7 {[%clk 0:55:40]} 10. Be3 {[%clk 0:55:12]} Nc6
{[%clk 0:53:46]} 11. Nbd2 {[%clk 0:51:47]} cxd4 {[%clk 0:50:39]} 12. Bxd4
{[%clk 0:49:28]} Nxd4 {[%clk 0:49:32]} 13. cxd4 {[%clk 0:49:49]} Be7
{[%clk 0:47:20]} 14. Rac1 {[%clk 0:49:34]} O-O {[%clk 0:47:16]} 15. h3
{[%clk 0:49:09]} Rac8 {[%clk 0:45:05]} 16. Nh2 {[%clk 0:47:50]} Rc6
{[%clk 0:45:02]} 17. f4 {[%clk 0:47:12]} f5 {[%clk 0:41:22]} 18. exf6
{[%clk 0:45:22]} Rxf6 {[%clk 0:41:07]} 19. Ng4 {[%clk 0:43:21]} Rxf4
{[%clk 0:40:20]} 20. Rxf4 {[%clk 0:36:43]} Rxc1+ {[%clk 0:40:43]} 21. Rf1
{[%clk 0:37:07]} Rxf1+ {[%clk 0:38:35]} 22. Kxf1 {[%clk 0:36:59]} Qc7
{[%clk 0:37:54]} 23. Qe3 {[%clk 0:34:52]} Qc6 {[%clk 0:35:33]} 24. Ke2
{[%clk 0:32:53]} h6 {[%clk 0:33:25]} 25. Nf3 {[%clk 0:28:13]} Qc2+
{[%clk 0:32:51]} 26. Nd2 {[%clk 0:26:58]} Nf8 {[%clk 0:31:44]} 27. Qg3
{[%clk 0:22:58]} Bg5 {[%clk 0:30:12]} 28. Ne3 {[%clk 0:23:15]} Bxe3
{[%clk 0:29:34]} 29. Qxe3 {[%clk 0:23:26]} Qxa2 {[%clk 0:29:30]} 30. Qe5
{[%clk 0:21:49]} Qa6+ {[%clk 0:29:06]} 31. Ke1 {[%clk 0:21:55]} Qd3
{[%clk 0:28:07]} 32. Kd1 {[%clk 0:21:32]} b5 {[%clk 0:27:20]} 33. h4
{[%clk 0:19:19]} a5 {[%clk 0:26:14]} 34. Kc1 {[%clk 0:17:45]} a4 {[%clk 0:25:33]}
35. bxa4 {[%clk 0:18:07]} bxa4 {[%clk 0:25:43]} 0-1

[Event "V4Liptov2018"]
[Site "?"]
[Date "2018.06.25"]
[Round "6.31"]
[White "Cipl, Jan"]
[Black "Grimm, Balazs"]
[Result "1-0"]
[BlackElo "1731"]
[WhiteElo "1481"]
[LiveChessVersion "1.4.8"]

1. e4 {[%clk 1:00:52]} c5 {[%clk 1:00:57]} 2. Nf3 {[%clk 1:01:13]} Nc6
{[%clk 1:01:22]} 3. d4 {[%clk 1:00:41]} cxd4 {[%clk 1:01:48]} 4. Nxd4
{[%clk 1:01:04]} g6 {[%clk 1:02:15]} 5. Nc3 {[%clk 1:00:23]} Bg7 {[%clk 1:02:42]}
6. Be3 {[%clk 0:59:40]} Nf6 {[%clk 1:03:07]} 7. Bc4 {[%clk 0:56:50]} O-O
{[%clk 1:03:31]} 8. f3 {[%clk 0:56:50]} Qb6 {[%clk 1:03:03]} 9. Qd2
{[%clk 0:37:24]} Nxe4 {[%clk 0:43:56]} 10. Nxe4 {[%clk 0:21:56]} Bxd4
{[%clk 0:43:59]} 11. Bxd4 {[%clk 0:21:56]} Nxd4 {[%clk 0:44:11]} 12. O-O-O
{[%clk 0:21:43]} Nf5 {[%clk 0:44:12]} 13. g4 {[%clk 0:20:48]} Ne3
{[%clk 0:44:20]} 14. Bb3 {[%clk 0:18:44]} Nxd1 {[%clk 0:41:43]} 15. Rxd1
{[%clk 0:18:36]} Kg7 {[%clk 0:41:23]} 16. Qc3+ {[%clk 0:17:45]} f6
{[%clk 0:41:41]} 17. g5 {[%clk 0:18:04]} d5 {[%clk 0:36:07]} 18. gxf6+
{[%clk 0:14:30]} exf6 {[%clk 0:36:10]} 19. Rxd5 {[%clk 0:11:50]} Bf5
{[%clk 0:35:44]} 20. Rd6 {[%clk 0:11:16]} Qg1+ {[%clk 0:36:04]} 21. Rd1
{[%clk 0:11:38]} Qxh2 {[%clk 0:36:18]} 22. Nd6 {[%clk 0:08:59]} Rad8
{[%clk 0:34:08]} 23. Qc7+ 1-0